000 00657nam a22002537a 4500
003 IBSLLIB
005 20260514062356.0
008 260514b |||||||| |||| 00| 0 eng d
020 _a0138077932
040 _aIBSLLIB
_beng
041 _hEnglish
082 _a330.9
_bWIN
100 _aWinchester , Simon
245 _aPacific Rising :
_bThe Emergence Of A New World Culture
260 _aNew York :
_bPrentice Hall Press ,
_c1991
300 _a497 P ;
_c24 cm
650 _aPacific Rising
653 _aGeography
653 _aclimate Change
653 _aMaps
653 _aPolitical Geography
653 _aExploration
942 _cLBK
999 _c22132
_d22132